000 00365nam a22001217a 4500
999 _c1359
_d1359
005 20200831105322.0
008 200831b ||||| |||| 00| 0 eng d
020 _a18433
040 _cCML
245 _aBasic Concepts of Mathematics.
_cBush, G.C.
260 _aNew York
_bHolt, Rinehart and Winston
_c1965
942 _2ddc
_cBK
_e1st Edition
_h510.7
_mBUS